<?xml version="1.0" encoding="UTF-8"?>
<marc:record xmlns:marc="http://www.loc.gov/MARC21/slim">
   <marc:leader>00000nam a2200000 a 4500</marc:leader>
   <marc:datafield ind1="1" ind2=" " tag="100">
      <marc:subfield code="a">Kaster, Armin</marc:subfield>
      <marc:subfield code="4">aut</marc:subfield>
      <marc:subfield code="e">Verfasser/-in</marc:subfield>
   </marc:datafield>
   <marc:datafield ind1=" " ind2=" " tag="653">
      <marc:subfield code="a">Handyjunkies / Hauptfiguren</marc:subfield>
   </marc:datafield>
   <marc:datafield ind1=" " ind2=" " tag="653">
      <marc:subfield code="a">Leseförderung / Jugendliche</marc:subfield>
   </marc:datafield>
   <marc:datafield ind1=" " ind2=" " tag="653">
      <marc:subfield code="a">Handynutzung / Jugendliche</marc:subfield>
   </marc:datafield>
   <marc:datafield ind1=" " ind2=" " tag="653">
      <marc:subfield code="a">Jugendroman</marc:subfield>
   </marc:datafield>
   <marc:datafield ind1=" " ind2=" " tag="653">
      <marc:subfield code="a">Minecraft-Fans</marc:subfield>
   </marc:datafield>
   <marc:datafield ind1="0" ind2="0" tag="245">
      <marc:subfield code="a">Real Life - viel krasser als jedes Game!</marc:subfield>
   </marc:datafield>
   <marc:datafield ind1="0" ind2="0" tag="245">
      <marc:subfield code="c">Armin Kaster</marc:subfield>
   </marc:datafield>
   <marc:datafield ind1=" " ind2="1" tag="264">
      <marc:subfield code="a">Mülheim an der Ruhr</marc:subfield>
      <marc:subfield code="b">Verlag an der Ruhr</marc:subfield>
      <marc:subfield code="c">2018</marc:subfield>
   </marc:datafield>
   <marc:datafield ind1="1" ind2=" " tag="490">
      <marc:subfield code="a">K. L. A. R. (Kurz - Leicht - Aktuell - Real)</marc:subfield>
   </marc:datafield>
   <marc:datafield ind1="1" ind2=" " tag="520">
      <marc:subfield code="a">Leander, Ben, Nino und Jule - Handyjunkies und riesige Minecraft-Fans - fahren auf Klassenfahrt in die Eifel. Dort müssen die Freunde lernen, auch ohne Netzempfang klarzukommen: Sie verirren sich im Wald und besinnen sich in dieser Zeit auf die in Minecraft gelernten Überlebensstrategien. Hunger, Durst und ein Unfall machen allen klar: Das echte Leben ist viel krasser als jedes Game.#Über die Taschenbuch-Reihe "K.L.A.R.": Leseschwache Schüler geben schnell frustriert auf, wenn die Lektüre zu schwer, zu lang und zu langweilig ist. Eine insgesamt geringe Textmenge, überschaubare Leseabschnitte, ein leicht verständliches Vokabular und die Sprache des Alltags helfen Schülern, sichere Leser zu werden. Durch aktuelle Themen aus der Lebenswelt der Schüler bekommen sie Lust am Lesen und Mut zum Weiterlesen. Der Roman ist somit ideal für die Leseförderung in der Sekundarstufe geeignet und kann von Lehrern als Schullektüre an Förderschulen, Hauptschulen, Realschulen und Gesamtschulen eingesetzt werden.</marc:subfield>
   </marc:datafield>
   <marc:datafield ind1=" " ind2=" " tag="020">
      <marc:subfield code="a">9783834638076</marc:subfield>
      <marc:subfield code="9">9783834638076</marc:subfield>
   </marc:datafield>
   <marc:datafield ind1=" " ind2=" " tag="041">
      <marc:subfield code="a">ger</marc:subfield>
   </marc:datafield>
   <marc:datafield ind1=" " ind2=" " tag="500">
      <marc:subfield code="a">Ab 12 Jahre</marc:subfield>
   </marc:datafield>
   <marc:datafield ind1=" " ind2=" " tag="300">
      <marc:subfield code="a">104 S.</marc:subfield>
   </marc:datafield>
</marc:record>
